000 01447cam a2200133 4500500
005 20260329031753.0
041 _afre
042 _adc
100 1 0 _aCosme, Pierre
_eauthor
245 0 0 _aLes plus grandes batailles de Rome : De la naissance à la chute de l'Empire romain
260 _bArmand Colin,
_c2021.
520 _aEt si la formation de l’Empire romain résultait autant de ses victoires que de ses défaites ?Dans cet ouvrage, Pierre Cosme retrace le récit de dix batailles romaines parmi les plus emblématiques. Ces batailles sont passées à la postérité parce qu’elles ont représenté de véritables tournants dans l’histoire du monde romain. Chaque chapitre permet au lecteur de mieux saisir ce qui a rendu la bataille évoquée décisive. Une telle approche mettra également en évidence certaines originalités de l’histoire militaire romaine.Alors que les légions de Rome sont volontiers présentées comme invincibles, le livre aboutira à une vision plus nuancée de la formation de l’Empire romain, qui n’a pas été un phénomène continu et irréversible. Mais il abordera aussi, par le biais militaire, deux questions qui font depuis longtemps l’objet de débats incessants : la place des barbares dans l’armée romaine et la disparition de l’Empire en Occident.
856 4 1 _uhttps://shs.cairn.info/les-plus-grandes-batailles-de-rome--9782200632236?lang=fr&redirect-ssocas=7080
999 _c1949477
_d1949477